Get the Picture: 'North' Countries Quiz Stats

 Plays Quiz Updated Sep 5, 2019

Score 0/16 Timer 02:30
1 Play Today
Question Answer Wrong Answers
This country had a naming dispute with Greece until 2019. North Macedonia
95.2%
North Korea
1.5%
This country is currently ruled by the Kim Dynasty. North Korea
94.8%
North Macedonia
1.6%
This country has an access to Sea of Japan. North Korea
94.5%
North Macedonia
2.1%
The 2018 Singapore Summit is a summit meeting of two leaders of United States and this country. North Korea
93.2%
North Macedonia
3.4%
This country is located in the Balkan Peninsula. North Macedonia
93.2%
North Korea
3.6%
This country's Ryugyong Hotel is the tallest unoccupied building in the world. North Korea
93%
North Macedonia
3.6%
Saint Teresa of Calcutta was born in this modern-day country. North Macedonia
92.2%
North Korea
4.2%
This country gained their independence peacefully on September 8, 1991. North Macedonia
90.9%
North Korea
5.5%
The Cyrillic writing system was invented in this modern-day country. North Macedonia
90.6%
North Korea
6.1%
This is the only landlocked country of the two. North Macedonia
88.4%
North Korea
8.3%
This country borders with the largest country in the world. North Korea
86%
North Macedonia
10.7%
Lake Ohrid is one of the oldest and deepest lake in the world, located in southwestern part of this country. North Macedonia
83.1%
North Korea
13.5%
This country claims to operate under the 'Juche' ideology. North Korea
75%
North Macedonia
21.5%
Rungrado 1st of May Stadium, the largest stadium in the world, is located in this country. North Korea
69.1%
North Macedonia
27.5%
This is the first country in the world to have full access to wireless broadband connection. North Macedonia
64.8%
North Korea
31.9%
Of all its neighboring countries, this country is the least populated. North Korea
55.2%
North Macedonia
41.3%

Today's Daily Dose

Missing Word
Celine Dion

Word Ladder
Dr. Seuss Books

Quick Pick
Cities in India

Get the Picture
'A' Actresses

You're not logged in!

Compare scores with friends on all Sporcle quizzes.
OR
Log In

Sporcle TV

Today on Sporcle TV


Watch our educational content, quiz creation guides, and fun videos on Sporcle TV.

Show Comments

Extras

Top Quizzes Today


Score Distribution

Your Account Isn't Verified!

In order to create a playlist on Sporcle, you need to verify the email address you used during registration. Go to your Sporcle Settings to finish the process.

Report this User

Report this user for behavior that violates our Community Guidelines.

Details: